Random Places Scrambled to Make Words - Statistics

General Stats
  • This quiz has been taken 10 times
  • The average score is 4 of 10
Answer Stats
Scrambled Answer % Correct
Rain Iran
100%
Tail Italy
100%
Mail Lima | Mali
100%
Saunas Nassau
100%
Reign Niger
100%
Line Nile
100%
Solo Oslo
100%
Spar Paris
100%
Pure Peru
100%
More Rome
100%
Pains Spain
100%
Taxes Texas
100%
Unit Tunis
100%
Antic Cavity Vatican City
100%
Enemy Yemen
100%
Moan Oman
75%
Analog Angola
50%
Cab Cuba
50%
Dark Dakar
50%
Vender Denver
50%
Agenda Grenada
50%
Animal Manila
50%
Plane Nepal
50%
Louse Seoul
50%
Aglare Algeria
33%
Marino Romania
33%
Curse Sucre
33%
Haste Athens
25%
Samara Asmara
0%
Boost Boston
0%
Scariest Castries
0%
Had Chad
0%
Inch China
0%
Avenge Geneva
0%
Garden Grenada
0%
Lanced Iceland
0%
Serial Israel
0%
Bulk Kabul
0%
Also Laos
0%
Plaza La Paz
0%
Bailer Liberia
0%
Bail Libya
0%
Ambiant Manitoba
0%
Ran Madly Maryland
0%
Median Medina
0%
Bar Snake Nebraska
0%
Ration Ontario
0%
Pier Court Puerto Rico
0%
Erased Red Sea
0%
Ronald Dish Rhode Island
0%
Arouse Roseau
0%
Atlas Salta
0%
Rabies Serbia
0%
Sofa Sofia
0%
Sand Sudan
0%
Looted Toledo
0%
Tango Tonga
0%
Salt Tulsa
0%
Hut Utah
0%
Seal Wales
0%
No matching quizzes found
Score Distribution
Percent of People with Each Score
Percentile by Number Answered
Your Score History
You have not taken this quiz